000 01099nam a2200241 4500
005 20260211145941.0
008 260211b |||||||| |||| 00| 0 eng d
020 _a9788179652565 (hbk)
037 _cTB
040 _aCRL
_cCRL
041 _2hin
_ahin
084 _aO44,2:g(NT) 152N2;Q5
_qCRL
100 _aतनेजा, जयदेव
_91115242
245 _aआधुनिक भारतीय रंग - परिदृश्य
250 _a2 संस्करण
260 _aनई दिल्ली, भारत:
_bतक्षशिला प्रकाशन,
_c2015.
300 _a224पृ.
365 _b600.00
_cINR
650 _aभारतीय साहित्य
_91115243
650 _aहिन्दी नाटक
_91115244
942 _2CC
_n0
_cTB
_e2 संस्करण
_hO44,2:g(NT) 152N2;Q5
999 _c1679333
_d1679333